000 01409nam a2200253Ia 4500
008 0000002006 sp ad 0000000000mul00
090 _aPRM00 L92l
245 1 0 _aLydia Dona
_c/ traducción Josephine Watson, Montse Holgado
300 _a39 p.
_c/ 27 cm.
500 _aExposición realizada en Galeria Joan Prats, Barcelona, 2006 \ Artista nacida en Rumania y nacionalizada en Estados Unidos \ Incluye cronología del artista \ Texto en : español catalán inglés \ Proyecto Ganador Programa Apoyos Concertados FGAA 2010
501 _aLydia Dona : zonas de conflicto luminoso = Zones de conflicts iluminós = Zones of luminous conflict / Raphael Rubinstein
505 _aOBRAS : The engulfments of change Bordeline entanglements In the glow of urban shadows In the heat of desire, we got derailed Urban legends Hot flashes of an urban labyrinth The dialysis of urban delirium Infra scenarious Architectural biologies The temperature into the skin of micromacro
600 0 0 _aDONA, LYDIA, 1955/
_xTRABAJOS PICTORICOS
650 1 4 _aARTE CONTEMPORANEO RUMANO
650 1 4 _aARTISTAS PLASTICOS RUMANOS
650 1 4 _xCATALOGOS
650 1 4 _xEXPOSICIONES
650 1 4 _aPINTORES RUMANOS
650 1 4 _aPINTURA ACRILICA (ARTE)
650 1 4 _aPINTURA AL OLEO
650 1 4 _aPINTURA RUMANA
700 1 _aRubinstein, Raphael
999 _c11749
_d11749
260 _aBarcelona : Galeria Joan Prats
_c2006